| 000 | 00941nam a2200277Ia 4500 | ||
|---|---|---|---|
| 003 | GCL | ||
| 008 | 140319s9999 xx 000 0 ara d | ||
| 040 |
_aGCL / _cGCL |
||
| 082 | 0 | 4 |
_a245 _bس ف |
| 100 | 1 | _aسعد رستم | |
| 245 | 1 | 0 |
_aالفرق والمذاهب الاسلامية منذ البدايات : _bالنشأة - التاريخ - العقيدة - التوزع الجغرافى / _cسعد رستم |
| 250 | _aالاولى | ||
| 260 |
_aالقاهرة : _bالاوائل للنشر والتوزيع ، _c2004 |
||
| 300 |
_a400ص ؛ _c24سم |
||
| 650 | 0 | 4 | _aالحركات الفكرية عند المسلمين |
| 650 | 0 | 4 | _aالخوارج |
| 650 | 0 | 4 | _aالبهائية |
| 650 | 0 | 4 | _aالبابية |
| 650 | 0 | 4 | _aالفرق الاسلامية |
| 650 | 0 | 4 | _aالشيعة |
| 650 | 0 | 4 | _aالجهمية |
| 650 | 0 | 4 | _aاهل الحق |
| 650 | 0 | 4 | _aالازلية |
| 650 | 0 | 4 | _aالجبرية |
| 942 |
_2ddc _cBK |
||
| 999 |
_c51442 _d51442 |
||